Thiết kế đường ô tô
Công tác khảo sát thiết kế đường ôtô ở các giai đoạn khác nhau đặc biệt kĩ thuật và phương pháp điều tra giao thông, phân tích hiệu quả kinh tế và các phương án thiết kế, thiết kế bình đo, trắc dọc, trắc ngang và đặc điểm công tác khả...
Đã lưu trong:
| 主要作者: | |
|---|---|
| 格式: | 圖書 |
| 語言: | Undetermined |
| 出版: |
Hà Nội
Giáo dục
2005
|
| 主題: | |
| 標簽: |
添加標簽
沒有標簽, 成為第一個標記此記錄!
|
| Thư viện lưu trữ: | Trung tâm Học liệu Trường Đại học Cần Thơ |
|---|
| LEADER | 01086nam a2200217Ia 4500 | ||
|---|---|---|---|
| 001 | CTU_239788 | ||
| 008 | 210402s9999 xx 000 0 und d | ||
| 020 | |c 35000 | ||
| 082 | |a 625.725 | ||
| 082 | |b H103/T.4 | ||
| 100 | |a Dương, Học Hải | ||
| 245 | 0 | |a Thiết kế đường ô tô | |
| 245 | 0 | |c Dương Học Hải | |
| 260 | |a Hà Nội | ||
| 260 | |b Giáo dục | ||
| 260 | |c 2005 | ||
| 520 | |a Công tác khảo sát thiết kế đường ôtô ở các giai đoạn khác nhau đặc biệt kĩ thuật và phương pháp điều tra giao thông, phân tích hiệu quả kinh tế và các phương án thiết kế, thiết kế bình đo, trắc dọc, trắc ngang và đặc điểm công tác khảo sát thiết kế đường trong các điều kiện thiên nhiên khác nhau | ||
| 650 | |a Đường,Roads | ||
| 650 | |x Thiết kế và xây dựng,Design and construction | ||
| 904 | |i Truc | ||
| 980 | |a Trung tâm Học liệu Trường Đại học Cần Thơ | ||